Child psychology : (Record no. 4731)

MARC details
000 -LEADER
fixed length control field 01288cam a2200193 a 4500
020 ## - INTERNATIONAL STANDARD BOOK NUMBER
ISBN 9780071283281
050 #4 - CALL NUMBER
Classification number BF721
Item number .P47
100 1# - AUTHOR
Personal name Hetherington, E. Mavis
245 10 - TITLE
Title Child psychology :
Remainder of title a contemporary viewpoint /
Statement of responsibility, etc E. Mavis Hetherington, Ross D. Parke ; revised by Ross D. Parke and Virginia Otis Locke.
250 ## - EDITION
Edition statement 7th ed.
260 ## - PUBLICATION INFORMATION
Place of publication Boston :
Name of publisher McGraw-Hill College,
Year of publication c2009.
300 ## - DESCRIPTION
Number of Pages 1 v. (various pagings) :
Other physical details illustrations
Dimensions 28 cm.
500 ## - NOTES
General note Includes bibliographical references and index
505 ## - FORMATTED CONTENTS NOTE
Table of Content 1 Child Development: Themes, Theories, and Methods <br/>2: Heredity and the Environment <br/>3: Prenatal Development and Birth<br/>4: Infancy: Sensation, Perception, and Learning<br/>5: The Child's Growth: Brain, Body, Motor Skills and Sexual Maturation <br/>6: Emotional Development and Attachment <br/>7: Language and Communication <br/>8: Cognitive Development: Piaget and Vygotsky <br/>9: Cognitive Development: The Information-Processing <br/>10: Intelligence and Achievement <br/>11: The Family <br/>12: Expanding the Social World: Peers and Friends <br/>13: Gender Roles and Gender Differences <br/>14: Morality, Altruism, and Aggression <br/>15: Developmental Psychopathology
650 #0 - SUBJECTS
Topical Term Child psychology.
700 1# - OTHER AUTHORS
Personal name Parke, Ross D.
700 1# - OTHER AUTHORS
Personal name Locke, Virginia O.
942 ## - ADDED ENTRY ELEMENTS (KOHA)
Koha item type Books
Holdings
Withdrawn status Lost status Collection code Home library Current library Shelving location Date acquired Full call number Accession Number Koha item type
    Reference Methodist University Library Main Methodist University Library Main General Stacks 18/08/2011 BF721 .P47 33532 Books
Copyright © 2026  MUG Library